Guidelines on minimum requirements for agricultural pesticide application equipment (Record no. 18730)

000 -LEADER
fixed length control field 01356cam a2200313Ia 4500
020 ## - INTERNATIONAL STANDARD BOOK NUMBER
ISBN 9251047197 (v. 1)
020 ## - INTERNATIONAL STANDARD BOOK NUMBER
ISBN 9251047227 (v. 2)
020 ## - INTERNATIONAL STANDARD BOOK NUMBER
ISBN 9251047162 (v. 3)
020 ## - INTERNATIONAL STANDARD BOOK NUMBER
ISBN 925105245X (v. 4)
040 ## - CATALOGING SOURCE
Transcribing agency JHE
082 04 - DEWEY DECIMAL CLASSIFICATION NUMBER
Classification number 632 FAU 2001 C151 Or.
100 1# - MAIN ENTRY--AUTHOR NAME
Personal name Wiles, T. L
245 10 - TITLE STATEMENT
Title Guidelines on minimum requirements for agricultural pesticide application equipment
246 17 - VARYING FORM OF TITLE
Title proper/short title Agricultural pesticide application equipment : minimum requirements
260 ## - PUBLICATION, DISTRIBUTION, ETC. (IMPRINT)
Place of publication Rome :
Name of publisher Food and Agriculture Organization of the United Nations,
Year of publication 2001-
300 ## - PHYSICAL DESCRIPTION
Number of Pages v. :
Other physical details ill. ;
Dimensions 21 cm
500 ## - GENERAL NOTE
General note Vol. 1-3: "These guidelines were prepared by T.L. Wiles and D.G. Sharp, of T.L. Wiles and Associates Limited ... with the assistance of Professor G.A. Matthews ..."--Acknowledgements
500 ## - GENERAL NOTE
General note Vol. 4- : "These guidelines were prepared by Hans Dobson of the Natural Resources Institute, UK ... assistance was provided by Mamoon Al Alawi ... and Mohammed Ishfaque ..."--Acknowledgements
650 #0 - SUBJECT ADDED ENTRY--TOPICAL TERM
Topical Term Spraying and dusting in agriculture
650 #0 - SUBJECT ADDED ENTRY--TOPICAL TERM
Topical Term Spraying equipment
650 #0 - SUBJECT ADDED ENTRY--TOPICAL TERM
Topical Term Pesticides
700 1# - ADDED ENTRY--PERSONAL NAME
Personal name Sharp, D. G
700 1# - ADDED ENTRY--PERSONAL NAME
Personal name Matthews, G. A
700 1# - ADDED ENTRY--PERSONAL NAME
Personal name Dobson, Hans
700 1# - ADDED ENTRY--PERSONAL NAME
Personal name Al Alawi, Mamoon
700 1# - ADDED ENTRY--PERSONAL NAME
Personal name Ishfaque, Mohammed
710 2# - ADDED ENTRY--CORPORATE NAME
Corporate name or jurisdiction name as entry element Food and Agriculture Organization of the United Nations
942 ## - ADDED ENTRY ELEMENTS (KOHA)
Koha item type ADB
952 ## - LOCATION AND ITEM INFORMATION (KOHA)
Withdrawn status [LOCAL, KOHA] 0
Holdings
Source of acquisition Permanent Location Date acquired Koha item type Lost status Shelving location Current Location Full call number
A36428Library Block C2020-01-15សៀវភៅភាសាអង់គ្លេស C151Library Block C632 FAU 2001 C151 Or.
មជ្ឈមណ្ឌលឯការនៃសាកលវិទ្យាល័យភូមិន្ទកសិកម្មចំការដូង

Powered by Koha